Logo BPK

Biblioteka

Politechniki Koszalińskiej

Metalurgia surówki / (Rekord nr 3173)

Szczegóły MARC
000 -ETYKIETA REKORDU
podpole kontrolne o stałej długości 00374nam a2200157 i 4500
001 - NUMER KONTROLNY REKORDU
pole kontrolne bg
040 ## - ŹRÓDŁO KATALOGOWANIA
Instytucja, która utworzyła rekord BPK
041 ## - KOD JĘZYKA
Kod języka tekstu pol
008 - POLE O STAŁEJ DŁUGOŚCI - DANE KONTROLNE
podpole kontrolne o stałej długości s pl f |000 0 pol
100 1# - NAZWA OSOBOWA
Nazwa osobowa STEC, R.
245 #0 - TYTUŁ/ODPOWIEDZIALNOŚĆ
Tytuł Metalurgia surówki /
Pozostałe elementy strefy tytułu i oznaczenia odpowiedzialności R. Stec, J. Mróz, Ryszard Budzik.
260 ## - STREFA ADRESU WYDAWNICZEGO
Miejsce wydania Częstochowa,
Data publikacji, dystrybucji/powstania dokumentu 1985.
700 1# - HASŁO DODATKOWE - NAZWA OSOBOWA
Nazwa osobowa MRÓZ, J.
700 1# - HASŁO DODATKOWE - NAZWA OSOBOWA
Nazwa osobowa BUDZIK, Ryszard
856 ## - LOKALIZACJA I DOSTĘP DO ELEKTRONICZNYCH DOKUMENTÓW ZDALNYCH
Link (URL) http://koha.tu.koszalin.pl/cgi-bin/koha/opac-detail.pl?biblionumber=3173
Tekst linku Katalog online BPK
942 ## - DODATKOWE ELEMENTY (KOHA)
Typ dokumentu Książka
Egzemplarze
Wycofany Status egzemplarza Uszkodzony Dostępność Lokalizacja stała Lokalizacja bieżąca Miejsce przechowywania Sygnatura Kod kreskowy Typ dokumentu
      Dostępny Biblioteka Politechniki Koszalińskiej Biblioteka Politechniki Koszalińskiej Wypożyczalnia BG P 36372 01997057 Książka
© 2023 Biblioteka Politechniki Koszalińskiej :: KOHA